Foot loose in lthe Himalaya (Record no. 2601)
[ view plain ]
| 000 -LEADER | |
|---|---|
| fixed length control field | 00521 a2200169 4500 |
| 020 ## - INTERNATIONAL STANDARD BOOK NUMBER | |
| Terms of availability | 450.00 |
| 035 ## - SYSTEM CONTROL NUMBER | |
| System control number | B-78834 |
| 037 ## - SOURCE OF ACQUISITION | |
| Source of stock number/acquisition | RP-L-23 / UBH-03-04:SPL CH / RP-03-04:ENG |
| 082 14 - DEWEY DECIMAL CLASSIFICATION NUMBER | |
| Classification number | 915.496 |
| 090 ## - LOCALLY ASSIGNED LC-TYPE CALL NUMBER (OCLC); LOCAL CALL NUMBER (OCLC) | |
| -- | 2644 |
| -- | 2644 |
| 100 1# - MAIN ENTRY--PERSONAL NAME | |
| Personal name | Aitken, Bill |
| 245 1# - TITLE STATEMENT | |
| Title | Foot loose in lthe Himalaya |
| Statement of responsibility, etc | by Bill Aitken |
| 260 ## - PUBLICATION, DISTRIBUTION, ETC. (IMPRINT) | |
| Place of publication, distribution, etc | Delhi |
| Name of publisher, distributor, etc | Permanent Black |
| Date of publication, distribution, etc | 2003 |
| 300 ## - PHYSICAL DESCRIPTION | |
| Extent | viii, 258 p |
| Dimensions | 22 cm (pbk) |
| 942 ## - ADDED ENTRY ELEMENTS (KOHA) | |
| Institution code [OBSOLETE] | dpl |
| Koha item type | English Books |
| Call number prefix | 915.496 / AIT |
| Withdrawn status | Lost status | Source of classification or shelving scheme | Damaged status | Not for loan | Collection code | Home library | Current library | Cost, normal purchase price | Total Checkouts | Full call number | Barcode | Date last seen | Uniform Resource Identifier | Cost, replacement price | Price effective from | Koha item type |
|---|---|---|---|---|---|---|---|---|---|---|---|---|---|---|---|---|
| Dewey Decimal Classification | Non-fiction | Central Library | Central Library | 450.00 | 915.496 AIT | B-78834 | 15/09/2008 | 2784 | 450.00 | 15/09/2008 | English Books |
